Los 30 Mejores Ejércitos del Mundo - Estadísticas

Estadísticas generales
  • Esta prueba ha sido intentada 149 veces
  • La puntuación promedio es 25 de 30
Estadísticas de respuestas
Posición PwrIndx País % Correcto
1. 0.0712 Estados Unidos
100%
3. 0.0722 China
98%
2. 0.0714 Rusia
98%
12. 0.2151 Brasil
97%
6. 0.1505 Corea del Sur
97%
9. 0.1848 Francia
97%
8. 0.1711 Japón
97%
5. 0.1435 Reino Unido
97%
21. 0.3556 España
96%
4. 0.1025 India
96%
25. 0.3881 Alemania
95%
10. 0.1973 Italia
93%
27. 0.3956 Canadá
88%
15. 0.2516 Ucrania
88%
16. 0.2567 Australia
87%
17. 0.2712 Irán
85%
7. 0.1694 Pakistán
83%
11. 0.2016 Turquía
83%
28. 0.4243 Argentina
82%
14. 0.2224 Egipto
82%
22. 0.3626 Arabia Saudita
81%
13. 0.2221 Indonesia
79%
18. 0.2757 Israel
76%
20. 0.3406 Polonia
76%
24. 0.3788 Tailandia
66%
19. 0.2855 Vietnam
65%
26. 0.3911 Argelia
52%
30. 0.4621 Grecia
52%
23. 0.3639 Taiwán
50%
29. 0.4613 Singapur
21%
No se encontraron pruebas coincidentes
Distribución de puntuación
Porcentaje de gente con cada puntuación
Porcentaje por número respondido
Historial de tus puntuaciones
No has intentado esta prueba.